| 000 | 00709nam a2200217 c 4500 | ||
|---|---|---|---|
| 001 | 190468 | ||
| 003 | ES-MaACL | ||
| 005 | 20250930063202.0 | ||
| 008 | 210405s2018 sp 001 j spa | ||
| 020 | _a978-84-17326-26-5 | ||
| 080 | _a821.134.2-32"19" | ||
| 100 | 1 |
_aVela, Fidel, _d1934- _9145468 |
|
| 245 | 1 | 0 |
_aCuentos del Henares : _b(de ayer y de hoy) / _cFidel Vela García. |
| 250 | _a1ª ed. | ||
| 260 |
_a[Madrid] : _bLetras de Autor, _c2018. |
||
| 300 |
_a181 p. ; _c21 cm. |
||
| 852 | 4 |
_aES-MaACL _jA-14670 _9197645 _bR.152217 _cDEPO1 _dOlim: N-7670 _hDonación: Fidel Vela García |
|
| 903 |
_aVela, Fidel, _d1934- _ednr _9145468 |
||
| 942 |
_2udc _cMONOGRAFIA |
||
| 999 |
_c190468 _d190468 |
||